| 000 | 00790nam a2200253Ia 4500 | ||
|---|---|---|---|
| 001 | dia_2076 | ||
| 003 | CHAP | ||
| 005 | 20251023154825.0 | ||
| 008 | 220117s1979 xx 000 0 und d | ||
| 010 | _a172614 | ||
| 040 | _cCHAP | ||
| 082 | _aC 636.08203 R49 1979 | ||
| 100 |
_aReyes Chacón, Buenaventura _996782 |
||
| 245 |
_aGlosario de términos zootécnicos / _c Buenaventura Reyes Chacón |
||
| 260 |
_aMéxico : _b UACh, Departamento de Zootecnia, _c1979 |
||
| 300 | _a107 p. | ||
| 503 | _aD. | ||
| 650 |
_aZootecnia _xTerminología _9152197 |
||
| 710 |
_aUniversidad Autónoma Chapingo, Departamento de Zootecnia _9138471 |
||
| 901 | _aC 636.08203 R49 1979 | ||
| 902 | _aM | ||
| 905 | _a5232271979 mx X 8272223322spa16 | ||
| 942 |
_cLIBRO _2ddc |
||
| 999 |
_c172614 _d172614 |
||